Southville International School and Colleges
Your cart is empty.
  • Cart
  • Lists
    Public lists Eva Luna New books Lux_list list_1
    Your lists Log in to create your own lists
  • Log in to your account
  • Your cookies
  • Search history
Southville International School and Colleges
  • Advanced search
  • Recent comments
  • Most popular
  • Libraries

Log in to your account

Log in with GOOGLE


If you do not have an external account, but do have a local account, you can still log in:

  1. Home
  2. MARC view: Dog ownership and sense of responsibility of SISC Grade 5 students /
Normal view MARC view ISBD view

Dog ownership and sense of responsibility of SISC Grade 5 students / (Record no. 98706)

[ view plain ]
MARC details
000 -LEADER
fixed length control field 00815nam a2200217 a 4500
003 - CONTROL NUMBER IDENTIFIER
control field 0
005 - DATE AND TIME OF LATEST TRANSACTION
control field 20250213102255.0
008 - FIXED-LENGTH DATA ELEMENTS--GENERAL INFORMATION
fixed length control field 120718s19uu xx 00 eng d
050 ## - LIBRARY OF CONGRESS CALL NUMBER
Classification number PGS SF 433
Item number .L184 2012
100 ## - MAIN ENTRY--PERSONAL NAME
Personal name Lahtinen, Maija L.
245 ## - TITLE STATEMENT
Title Dog ownership and sense of responsibility of SISC Grade 5 students /
Statement of responsibility, etc Maija L. Lahtinen.
260 ## - PUBLICATION, DISTRIBUTION, ETC. (IMPRINT)
Place of publication, distribution, etc Las Piñas City, Philippines :
Name of publisher, distributor, etc Southville International School and Colleges,
Date of publication, distribution, etc 2012.
300 ## - PHYSICAL DESCRIPTION
Extent 28 pages :
Other physical details illustrations ;
Dimensions 28 cm.
504 ## - BIBLIOGRAPHY, ETC. NOTE
Bibliography, etc Includes bibliographical references.
650 ## - SUBJECT ADDED ENTRY--TOPICAL TERM
Topical term or geographic name as entry element Pets
Form subdivision Effect on children’s behavior
650 ## - SUBJECT ADDED ENTRY--TOPICAL TERM
Topical term or geographic name as entry element Child development
Form subdivision Effects of pet ownership.
650 ## - SUBJECT ADDED ENTRY--TOPICAL TERM
Topical term or geographic name as entry element Human-animal relationships in children.
650 ## - SUBJECT ADDED ENTRY--TOPICAL TERM
Topical term or geographic name as entry element Pets
Form subdivision Psychological aspects.
650 ## - SUBJECT ADDED ENTRY--TOPICAL TERM
Topical term or geographic name as entry element Dogs
Form subdivision Ownership.
942 ## - ADDED ENTRY ELEMENTS (KOHA)
Source of classification or shelving scheme Library of Congress Classification
Koha item type PASS
Holdings
Withdrawn status Lost status Source of classification or shelving scheme Damaged status Home library Current library Shelving location Date acquired Source of acquisition Total Checkouts Full call number Barcode Date last seen Price effective from Koha item type
    Library of Congress Classification   Luxembourg Library Luxembourg Library Portfolio Assessment of SISC Students Section 07/18/2012 Donation   PGS SF 433 .L184 2012 P2807 07/22/2016 04/08/2014 PASS

Dog ownership and sense of responsibility of SISC Grade 5 students /

APA

Lahtinen M. L., . (2012). Dog ownership and sense of responsibility of SISC Grade 5 students. Las Piñas City, Philippines: Southville International School and Colleges.

Chicago

Lahtinen Maija L, . 2012. Dog ownership and sense of responsibility of SISC Grade 5 students. Las Piñas City, Philippines: Southville International School and Colleges.

Harvard

Lahtinen M. L., . (2012). Dog ownership and sense of responsibility of SISC Grade 5 students. Las Piñas City, Philippines: Southville International School and Colleges.

MLA

Lahtinen Maija L, . Dog ownership and sense of responsibility of SISC Grade 5 students. Las Piñas City, Philippines: Southville International School and Colleges. 2012.

  • Print
  • Cite
  • Add to your cart (remove)
  • Save record
    BIBTEX Dublin Core MARCXML MARC (non-Unicode/MARC-8) MARC (Unicode/UTF-8) MARC (Unicode/UTF-8, Standard) MODS (XML) RIS
  • More searches
    Search for this title in:
    Other Libraries (WorldCat) Other Databases (Google Scholar) Online Stores (Bookfinder.com) Open Library (openlibrary.org)

Exporting to Dublin Core...

SOUTHVILLE LIBRARY

Southville International School and Colleges Library

1281 Tropical Ave. Cor. Luxembourg St., BF Homes International, Las Pinas City

Tel. No. 8256374 / 252358 Loc. 117/146

Powered by Koha